000 01420cam a2200421 4500
001 L153284
008 000000n2005 000 0 eng u
020 _a9780203013496
035 _a(Sirsi) u153284
041 _a692.50956
110 _aFranklin and Andrews
_92518
245 _aSpon's Middle East construction costs handbook.
250 _a2nd ed.
260 _aLondon
_bE & F N Spon
_c2005
300 _aeBook
350 _a99.00
520 _aThis is a guide to building costs in Bahrain, Egypt, Iran, Iraq, Jordan, Kuwait, Lebanon, Oman, Qatar, Saudi Arabia, Syria, Turkey and the UAE. Features detailed information across all sectors and by individual country, plus comparative information.
520 _aThis item is archived on VLEBooks. Please contact [email protected] if you would like this title reactivated. Note we do not have more recent editions of this title available digitally.
650 _aMIDDLE EAST
650 _aBAHRAIN
650 _aEGYPT
650 _aIRAN
650 _aIRAQ
650 _aJORDAN
650 _aKUWAIT
650 _aLEBANON
650 _aOMAN
650 _aQATAR
650 _aSAUDI ARABIA
650 _aSYRIA
650 _aTURKEY
650 _aUNITED ARAB EMIRATES
650 _aCONSTRUCTION COSTS
650 _aBUILDING PRICE BOOKS
651 4 _aENGLAND AND WALES
690 _aBUILT ENVIRONMENT-BUILDING COSTS
942 _nYES
999 _c112448
_d112448